Responses for Show #7166 - Monday, November 9, 2015

2015 Tournament of Champions quarterfinal game 1.

Contestants

[<< previous game]

Catherine Hardee, an aspiring teacher from Kinston, North Carolina

Vaughn Winchell, a graduate student in mathematics from Columbia, Maryland

Dan Feitel, an attorney originally from Gillette, New Jersey

[next game >>]

Jeopardy! Round responses

DESPICABLE "ME"
(Alex: "M-E" coming up in each correct response.)
MINIONS
A BIT O' BRIT LIT
STOCK SYMBOLS
CHESS CHAMPS
MR. SMITH GOES TO...
    $200 27
a meter maid

Vaughn
    $200 23
the Borg

Catherine
    $200 10
Christian

Vaughn
    $200 22
Ann Taylor

Dan
    $200 21
India

Catherine
    $200 17
(Alex: John Smith is the one we're referring to.)

Jamestown

Vaughn
    $400 14
Meanies

Vaughn
    $400 24
flying monkeys

Catherine
    $400 1
Noël Coward

Vaughn
    $400 15
Whole Foods Market

Vaughn
    $400 26
(Catherine: What is air?)

cigarette smoke

Catherine
Triple Stumper
    $400 25
(Alex: [*]--Horace Smith was the other individual.)

(Daniel) Wesson

Vaughn
    $600 5
measles

Vaughn
    $600 11
Jaws

Vaughn
    $600 2
Rochester

Catherine
    $600 8
BTU

Triple Stumper
    $600 28
grandmaster

Catherine
    $600 18
(Dan: What is Zimbabwe?)
...
(Alex: Southern [*] at that time, Ian Smith; it is now Zimbabwe.)

Rhodesia

DanCatherine
    $800 6
a medium

Dan
    $800 12
Orc

Catherine
    $800 3
Pamela

Vaughn
    $800 9
Boston

Dan
    $800 29
(Dan: Who is Kasparov?)

(Bobby) Fischer

DanVaughn
    $2,000 19
(Catherine: [Whispering] Oh gosh. Oh.)
(Alex: Catherine?)
(Catherine: What is The Invisible Hand?)

The Wealth of Nations

Catherine
    $1000 7
the Medes

Vaughn
    $1000 13
Aladdin

Dan
    $1000 4
Idylls of the King

Vaughn
    $1000 16
Honeywell

Dan
    $1000 30
(Alex: Yes, [*]. You are right this time.)

(Garry) Kasparov

Dan
    $1000 20
(Alex: Yes, Al Smith was the man.)

Roman Catholic

Vaughn

Scores at the first commercial break (after clue 15):

Dan Vaughn Catherine
$2,600 $5,400 $1,400

Scores at the end of the Jeopardy! Round:

Dan Vaughn Catherine
$3,400 $8,000 $1,000

Double Jeopardy! Round responses

SELF-PORTRAIT OF THE ARTIST
-OLOGIES
VISITING ITALY
WHOSE SONGS?
QUOTATIONS BY THE NUMBER
THE SILENT LETTER IN...
(Alex: ...each word that we give you the definition of.)
    $400 28
van Gogh

Dan
    $400 30
criminology

Dan
    $400 5
Chianti

Catherine
    $400 23
OutKast

Dan
    $400 25
20/20

Vaughn
    $400 26
h (in chord)

Catherine
    $800 27
Rockwell

Catherine
    $800 29
lighthouses

Dan
    $800 4
the Uffizi

Dan
    $800 22
Duran Duran

Dan
    $800 24
[Alex reads the blank as "this number".]

3

Catherine
    $800 15
t (in depot)

Dan
    $2,000 17
Mary Cassatt

Catherine
    $1200 11
(Catherine: What is stuttering?)

strokes

Catherine
Triple Stumper
    $1200 1
Como

Catherine
    $1200 16
Jason Derulo

Catherine
    $1200 8
13

Catherine
    $2,400 6
b (in tomb)

Catherine
    $1600 18
(Dan: Who is da Vinci?)

(Sandro) Botticelli

DanCatherine
    $1600 12
(Alex: That's it, yes. Bees.)

apiology

Vaughn
    $1600 2
La Cinque Terre

Dan
    $1600 21
the Spice Girls

Triple Stumper
    $1600 9
(Alex: [*], yes. Supreme Court justices.)

9

Vaughn
    $1600 7
g (in gnash)

Vaughn
    $2000 19
(Albrecht) Dürer

Catherine
    $2000 13
fruits (or seeds)

Triple Stumper
    $2000 3
Herculaneum

Catherine
    $2000 20
(Alex: [*], yes.)
[Laughter]

Fetty Wap

Catherine
    $2000 10
[Alex reads the blank as "this many".]

7

Vaughn
    $2000 14
n (in condemn)

Vaughn

Scores at the end of the Double Jeopardy! Round:

Dan Vaughn Catherine
$7,800 $17,200 $17,800

Final Jeopardy! Round responses

AMERICAN AUTHORS
(Alex: [*], Travels with Charley, his poodle, you're right.)
...
[Laughter upon Vaughn's reveal]
DanWho is Steinbeck?
$6,200
VaughnWho knows?
$601
CatherineWho is Capote?
$200
John Steinbeck

Final scores:

Dan Vaughn Catherine
$14,000 $16,599 $17,600
3rd place: $5,000 if eliminated 2nd place: $5,000 if eliminated Automatic semifinalist

Game dynamics:

Coryat scores:

Dan Vaughn Catherine
$7,800 $17,200 $17,800
14 R,
3 W
20 R,
0 W
20 R
(including 2 DDs),
3 W
(including 1 DD)

Combined Coryat: $42,800

[game clues] [game scores] [suggest correction]

Game tape date: 2015-10-13
The J! Archive is created by fans, for fans. Scraping, republication, monetization, and malicious use prohibited; this site may use cookies and collect identifying information. See terms. The Jeopardy! game show and all elements thereof, including but not limited to copyright and trademark thereto, are the property of Jeopardy Productions, Inc. and are protected under law. This website is not affiliated with, sponsored by, or operated by Jeopardy Productions, Inc. Join the discussion at JBoard.tv.